Dokumentace a desetinné třídení

Na minha lista:
Detalhes bibliográficos
Formato: Livro
Idioma:tcheco
Publicado em: Praha Československá dokumentačná společnost 1949
Tags: Adicionar Tag
Sem tags, seja o primeiro a adicionar uma tag!

MARC

LEADER 00000nam a2200000 4500
001 0312005
005 20250902102120.3
041 0 |a cze 
044 |a CZ 
245 1 0 |a Dokumentace a desetinné třídení 
264 1 |a Praha  |b Československá dokumentačná společnost  |c 1949